| 000 | 00419nam a2200157 a 4500 | ||
|---|---|---|---|
| 001 | 000029747 | ||
| 003 | DO-SdBNP | ||
| 005 | 20240515101232.0 | ||
| 008 | 110425s1984 dr a 000 0 spa d | ||
| 040 |
_aDO-SdBNP _bspa _cBNPHU |
||
| 082 |
_axxx _222 |
||
| 245 | 1 | 0 | _aLoteria nacional y bienestar social |
| 260 |
_aSanto Domingo : _bImpresos de Calidad, _c1984. |
||
| 300 |
_a23 p. : _bil. ; _c21 cm. |
||
| 942 |
_2ddc _cLBS1 |
||
| 999 |
_c29239 _d29239 |
||